[Event "GRE-ch U20"]
[Site "Peristeri"]
[Date "2010.01.05"]
[Round "4"]
[White "Sevastopoulos, Vasilis"]
[Black "Kazanakis, Efstathios"]
[Result "1-0"]
[WhiteElo "2105"]
[BlackElo "1927"]
[PlyCount "49"]
[EventDate "2010.01.03"]
[EventType "swiss"]
[EventRounds "9"]
[EventCountry "GRE"]
[SourceTitle "CBM 134 Extra"]
[Source "ChessBase"]
[SourceDate "2010.03.03"]
[SourceVersion "1"]
[SourceVersionDate "2010.03.03"]
[SourceQuality "1"]

1. d4 Nf6 2. c4 e6 3. g3 c5 4. Nf3 b5 5. cxb5 Bb7 6. Bg2 a6 7. bxa6 Nxa6 8. 0-0 cxd4 9. Nxd4 Bxg2 10. Kxg2 Qb6 11. Nc3 Be7 12. e3 Nc5 13. a4 g5 14. h3 h5 15. Ndb5 g4 16. h4 Qc6+ 17. Kg1 0-0 18. b4 Na6 19. Ba3 Nxb4 20. Rc1 Rfc8 21. Qd4 Qc4 22. Qd2 Rc6 23. Nd4 Rb6 24. Ncb5 Qd3 25. Bxb4 1-0

[Event "GRE-ch U20"]
[Site "Peristeri"]
[Date "2010.01.04"]
[Round "2"]
[White "Sevastopoulos, Vasilis"]
[Black "Harokopakis, Georgios"]
[Result "0-1"]
[WhiteElo "2105"]
[BlackElo "1919"]
[PlyCount "68"]
[EventDate "2010.01.03"]
[EventType "swiss"]
[EventRounds "9"]
[EventCountry "GRE"]
[SourceTitle "CBM 134 Extra"]
[Source "ChessBase"]
[SourceDate "2010.03.03"]
[SourceVersion "1"]
[SourceVersionDate "2010.03.03"]
[SourceQuality "1"]

1. d4 d5 2. Nf3 Nf6 3. g3 e6 4. c4 c6 5. Bg2 Bd6 6. 0-0 Nbd7 7. Nc3 0-0 8. Nd2 Re8 9. e4 dxe4 10. Ndxe4 Nxe4 11. Nxe4 Bc7 12. Bg5 f6 13. Be3 b6 14. Qb3 Rb8 15. Rfd1 Bb7 16. Nc3 Qe7 17. d5 Ne5 18. Bf4 Rbc8 19. Bh3 Nf3+ 20. Kg2 cxd5 21. cxd5 Bxf4 22. Kxf3 Be5 23. Kg2 Bxc3 24. bxc3 Qc5 25. Kg1 Bxd5 26. Qa4 Qxc3 27. Qxa7 Qf3 28. Rxd5 Qxd5 29. Qxb6 Rc6 30. Qa7 Rec8 31. Qe3 Rd6 32. a4 Rcd8 33. a5 Qc4 34. Bf1 Rd1 0-1

[Event "GRE-chT 36th"]
[Site "Kallithea"]
[Date "2008.07.07"]
[Round "2.4"]
[White "Sevastopoulos, Vasilis"]
[Black "Skembris, Spyridon"]
[Result "1/2-1/2"]
[WhiteElo "2037"]
[BlackElo "2415"]
[PlyCount "121"]
[EventDate "2008.07.06"]
[EventType "team-tourn"]
[EventRounds "7"]
[EventCountry "GRE"]
[SourceTitle "CBM 125 Extra"]
[Source "ChessBase"]
[SourceDate "2008.09.01"]
[SourceVersion "1"]
[SourceVersionDate "2008.09.01"]
[SourceQuality "1"]

1. d4 Nf6 2. c4 c5 3. Nf3 cxd4 4. Nxd4 b6 5. Nc3 Bb7 6. f3 e6 7. e4 d6 8. Be3 Be7 9. Be2 0-0 10. 0-0 Nbd7 11. Qd2 a6 12. a4 Rb8 13. b4 Re8 14. Bf2 Qc7 15. Rac1 Rbc8 16. Rfd1 Qb8 17. Qa2 Ne5 18. Rc2 g5 19. Be3 Nfd7 20. Kh1 Kh8 21. Rdc1 Rg8 22. a5 bxa5 23. b5 Bd8 24. Nb3 g4 25. Nxa5 gxf3 26. gxf3 Bxa5 27. Qxa5 Nxc4 28. Bxc4 Rxc4 29. bxa6 Ba8 30. Qb5 Qc8 31. Qb2 Ne5 32. Nb5 Rxc2 33. Rxc2 Qxa6 34. Rg2 f6 35. Rxg8+ Kxg8 36. Qg2+ Kf7 37. Nc7 Qd3 38. Qh3 Qd1+ 39. Bg1 Qxf3+ 40. Qxf3 Nxf3 41. Nxa8 Ng5 42. e5 fxe5 43. Be3 Ne4 44. Kg2 d5 45. Kf3 Nd6 46. Nb6 Kg6 47. Nd7 Nc4 48. Nf8+ Kf5 49. Nxh7 d4 50. Bf2 e4+ 51. Ke2 e5 52. h4 d3+ 53. Kd1 Kf4 54. Nf6 Kf3 55. h5 Kxf2 56. Nxe4+ Ke3 57. h6 Kxe4 58. h7 Ke3 59. h8Q Nb2+ 60. Kc1 d2+ 61. Kxb2 1/2-1/2

[Event "GRE-ch U16"]
[Site "Chalkidiki"]
[Date "2007.06.26"]
[Round "3"]
[White "Sevastopoulos, Vasilis"]
[Black "Hristodoulou, Panagiotis"]
[Result "1/2-1/2"]
[WhiteElo "1985"]
[BlackElo "2003"]
[PlyCount "83"]
[EventDate "2007.06.25"]
[EventType "swiss"]
[EventRounds "9"]
[EventCountry "GRE"]
[SourceTitle "EXT 2009"]
[Source "ChessBase"]
[SourceDate "2008.11.26"]
[SourceVersion "1"]
[SourceVersionDate "2008.11.26"]
[SourceQuality "1"]

1. d4 Nf6 2. c4 g6 3. Nc3 Bg7 4. Nf3 0-0 5. g3 d6 6. Bg2 Nbd7 7. 0-0 e5 8. h3 a6 9. d5 h6 10. b4 Nh7 11. e4 f5 12. Ba3 b6 13. Rc1 a5 14. bxa5 Rxa5 15. Qb3 Rf7 16. Bb4 Ra8 17. a4 Ndf8 18. Ra1 Ng5 19. Nxg5 Qxg5 20. Nb5 f4 21. Kh2 Qh5 22. Rh1 Nh7 23. h4 f3 24. Bf1 g5 25. Kg1 Bf6 26. hxg5 Qxg5 27. Qxf3 Bg4 28. Qd3 Qg6 29. Be2 Bxe2 30. Qxe2 Ng5 31. Bd2 Kg7 32. Qh5 Qxh5 33. Rxh5 Nxe4 34. Bxh6+ Kg6 35. Rh1 Nc5 36. Be3 Rxa4 37. Rxa4 Nxa4 38. Kg2 Nb2 39. Rc1 Nd3 40. Ra1 Nb2 41. Rc1 Nd3 42. Ra1 1/2-1/2